000 00292nam a22001337a 4500
008 170315b xxu||||| |||| 00| 0 eng d
020 _a0133381862
041 _aeng
080 _a591
100 _a7
101 _aSHM
245 _aFUNDAMENTALS OF ENTOMOLOGY
_cELZINGA, R.J
942 _2udc
_cBK
999 _c7815
_d7815